Sports Quiz

Random Sports or MLB Quiz

MLB Team Leaders (2000s) Quiz Stats

Quiz Updated Sep 25, 2017

Challenge
Share
Tweet
Embed
Score 0/180 Timer 15:00
5 Plays Today
Team Player % Correct
CardinalsAlbert Pujols
88.9%
CardinalsAlbert Pujols
88.9%
CardinalsAlbert Pujols
88.9%
YankeesAlex Rodriguez
88%
AngelsFrancisco Rodriguez
87.6%
BravesChipper Jones
87%
BravesAndruw Jones
86.6%
BravesAndruw Jones
86.6%
TigersTodd Jones
86.4%
YankeesDerek Jeter
83%
YankeesDerek Jeter
83%
GiantsBarry Bonds
81.1%
GiantsBarry Bonds
81.1%
GiantsBarry Bonds
81.1%
Red SoxManny Ramirez
80.5%
MarlinsHanley Ramirez
80.3%
CubsAramis Ramirez
80.3%
CubsAramis Ramirez
80.3%
BrewersPrince Fielder
78.8%
MarinersIchiro Suzuki
77.5%
MarinersIchiro Suzuki
77.5%
MarinersIchiro Suzuki
77.2%
Red SoxDavid Ortiz
75.8%
Red SoxDavid Ortiz
75.7%
PhilliesRyan Howard
75.2%
D-BacksRandy Johnson
74.9%
D-BacksLuis Gonzalez
74.9%
D-BacksLuis Gonzalez
74.9%
D-BacksLuis Gonzalez
74.9%
PadresAdrian Gonzalez
74.8%
PadresAdrian Gonzalez
74.8%
MetsDavid Wright
72.4%
MetsDavid Wright
72.4%
MetsDavid Wright
72.4%
AstrosLance Berkman
72.4%
AstrosLance Berkman
72.4%
AstrosLance Berkman
72.4%
YankeesMariano Rivera
71.5%
PhilliesJimmy Rollins
69.9%
PhilliesJimmy Rollins
69.9%
Blue JaysRoy Halladay
69%
RockiesTodd Helton
67.7%
RockiesTodd Helton
67.7%
RockiesTodd Helton
67.7%
CubsSammy Sosa
64.3%
MetsJose Reyes
64%
CardinalsChris Carpenter
63.9%
TwinsJohan Santana
63%
AngelsErvin Santana
62.8%
RangersMichael Young
61.7%
RangersMichael Young
61.7%
RangersMichael Young
61.7%
IndiansVictor Martinez
61.3%
AthleticsBarry Zito
61.2%
White SoxPaul Konerko
60.5%
White SoxPaul Konerko
60.5%
White SoxPaul Konerko
60.5%
AstrosRoy Oswalt
59.6%
AngelsGarret Anderson
58.5%
AngelsGarret Anderson
58.5%
Team Player % Correct
AngelsGarret Anderson
58.5%
IndiansC.C. Sabathia
58.3%
NationalsVladimir Guerrero
56.7%
NationalsVladimir Guerrero
56.7%
BravesJohn Smoltz
56.7%
Blue JaysVernon Wells
55.5%
Blue JaysVernon Wells
55.5%
Blue JaysVernon Wells
55.5%
RedsAdam Dunn
54.5%
RedsAdam Dunn
54.5%
RedsAdam Dunn
54.5%
PadresTrevor Hoffman
53.9%
RaysCarl Crawford
52.2%
RaysCarl Crawford
52.2%
RaysCarl Crawford
52.2%
TwinsJustin Morneau
52.1%
BravesTim Hudson
51.8%
IndiansTravis Hafner
51.3%
IndiansTravis Hafner
51.3%
RoyalsJoakim Soria
51.1%
NationalsRyan Zimmerman
50.1%
NationalsRyan Zimmerman
50.1%
GiantsBrian Wilson
49.1%
PiratesJack Wilson
49%
Red SoxJonathan Papelbon
48.8%
RaysCarlos Peña
48.6%
TwinsTorii Hunter
48.3%
TwinsTorii Hunter
48.3%
TwinsTorii Hunter
48.3%
AthleticsEric Chavez
47.6%
AthleticsEric Chavez
47.6%
AthleticsEric Chavez
47.6%
YankeesMike Mussina
47.2%
CubsCarlos Zambrano
47.1%
OriolesBrian Roberts
46.2%
OriolesBrian Roberts
46.2%
PadresDave Roberts
46.2%
IndiansGrady Sizemore
45.9%
DodgersEric Gagne
44.7%
TigersJustin Verlander
43.2%
RoyalsCarlos Beltran
43%
DodgersJuan Pierre
42.5%
AngelsChone Figgins
41.8%
DodgersAdrian Beltre
40.3%
AstrosBilly Wagner
40%
TwinsJoe Nathan
39.6%
DodgersShawn Green
39.3%
DodgersShawn Green
39.3%
PiratesJason Bay
39.2%
PiratesJason Bay
39.2%
White SoxMark Buehrle
39.1%
Red SoxTim Wakefield
39%
PiratesMike Williams
38.9%
YankeesJorge Posada
38%
CardinalsJason Isringhausen
37.6%
AstrosMichael Bourn
37.2%
MarinersJamie Moyer
36%
RoyalsZach Greinke
34.9%
PadresJake Peavy
34%
Red SoxJacoby Ellsbury
33.9%
Team Player % Correct
BravesRafael Furcal
33.2%
RoyalsMike Sweeney
32.9%
RoyalsMike Sweeney
32.9%
RoyalsMike Sweeney
32.9%
BrewersBen Sheets
32.5%
GiantsJason Schmidt
30.5%
RaysJames Shields
30%
AthleticsHuston Street
29.9%
AthleticsRajai Davis
29.6%
MarlinsDontrelle Willis
29%
MarlinsDan Uggla
28.4%
TigersBrandon Inge
28.4%
TigersBrandon Inge
28.4%
TigersBrandon Inge
28.4%
MarlinsMike Lowell
27.7%
PadresBrian Giles
27.2%
PhilliesPat Burrell
26.8%
RangersFrancisco Cordero
26%
NationalsChad Cordero
26%
OriolesMelvin Mora
25.2%
OriolesMelvin Mora
25.2%
TigersCurtis Granderson
23.1%
MarlinsLuis Castillo
22.8%
Blue JaysB.J. Ryan
22.1%
BrewersScott Podsednik
21.9%
RangersIan Kinsler
21.8%
White SoxScott Podsednik
21.8%
White SoxBobby Jenks
21.6%
MarinersBret Boone
21.5%
BrewersGeoff Jenkins
21.5%
BrewersGeoff Jenkins
21.5%
RedsAaron Harang
20.9%
CardinalsEdgar Renteria
19.6%
D-BacksJose Valverde
18%
PhilliesBrett Myers
17.8%
CubsRyan Dempster
17.6%
Blue JaysAlex Rios
17.3%
D-BacksTony Womack
17.3%
OriolesRodrigo Lopez
15.5%
MetsArmando Benitez
14.7%
RockiesAaron Cook
14.6%
RangersKevin Millwood
14.6%
DodgersChad Billingsley
13.1%
PiratesJason Kendall
12.7%
MarinersKazuhiro Sasaki
12.6%
PhilliesJose Mesa
12.4%
RockiesWilly Taveras
9.9%
IndiansBob Wickman
9.7%
RockiesBrian Fuentes
9.4%
MetsSteve Trachsel
9.2%
NationalsJavier Vazquez
7.7%
CubsCorey Patterson
7%
PiratesPaul Maholm
6.9%
GiantsRandy Winn
6.5%
RedsRyan Freel
6%
RedsDanny Graves
5.6%
BrewersDerek Turnbow
5.4%
MarlinsAntonio Alfonseca
5%
RaysDanys Baez
2.1%
OriolesJorge Julio
1.9%

You're not logged in!

Compare scores with friends on all Sporcle quizzes.
Sign Up with Email
OR
Log In

You Might Also Like...

Show Comments

Extras

Top Quizzes Today


Score Distribution

Your Account Isn't Verified!

In order to create a playlist on Sporcle, you need to verify the email address you used during registration. Go to your Sporcle Settings to finish the process.